000
00305nam a22001337a 4500
008
171017b xxu||||| |||| 00| 0 eng d
020
_a
9780030335938
041
_a
eng
080
_2
8TH
_a
330.101.542
100
_a
52
101
_a
MIK
245
_a
MICROECONOMIC THEORY
_c
NICHOLSON,W
942
_2
udc
_c
BK
999
_c
34397
_d
34397